000 00681am a2200277a 44500
003 AR-BaBNM
005 20251128211001.0
008 200521s1956 Arg|||||||||||000 | esp||
040 _cAR-BaBNM
100 1 _aConfalonieri, Orestes D.
245 1 0 _aPerón contra Perón
260 _aBuenos Aires
_bAntygua
_c1956
300 _a412 p.
610 2 4 _aPartido Justicialista
650 4 _aHISTORIA ARGENTINA
650 4 _aPOLITICA
650 4 _a17 DE OCTUBRE DE 1945
650 4 _aCRISIS POLITICAS
650 4 _aSINDICATOS
650 4 _aDOCTRINAS POLITICAS
651 4 _aArgentina
653 _aPERONISMO
653 _aPERONISMO
942 _cBK
998 _cmariana
999 _c17758
_d17758